[Event "13. Obert Int. Sant Marti 2011"]
[Site "Barcelona ESP"]
[Date "2011.07.20"]
[Round "8.20"]
[White "Moreno Martin, Daniel"]
[Black "Perpinya Rofes, Lluis Maria"]
[Result "0-1"]
[WhiteElo "2176"]
[BlackElo "2395"]
[PlyCount "76"]
[EventDate "2011.07.13"]
[EventType "swiss"]
[EventRounds "9"]
[EventCountry "ESP"]
[SourceTitle "Ajedrez en Madrid"]
[Source "lmi"]
[SourceDate "2011.07.13"]
[SourceVersion "1"]
[SourceVersionDate "2019.06.21"]
[SourceQuality "1"]

1. e4 c5 2. Nf3 d6 3. d4 Nf6 4. Nc3 cxd4 5. Nxd4 a6 6. Be2 e6 7. O-O Qc7 8. f4
Be7 9. Kh1 O-O 10. a4 Nc6 11. Be3 Rd8 12. Bf3 Ne5 13. Be2 Nc4 14. Bc1 e5 15.
Nf5 Bxf5 16. exf5 d5 17. Bxc4 dxc4 18. Qe2 Bd6 19. Ne4 Nxe4 20. Qxe4 Re8 21.
Qf3 e4 22. Qg3 Be7 23. Be3 Bf6 24. c3 Rad8 25. Qf2 Rd3 26. g4 Qc6 27. Qe2 Be7
28. Qf2 Bc5 29. Bxc5 e3+ 30. Qg2 Qxc5 31. Rae1 h5 32. h3 Qe7 33. Re2 Qh4 34.
Rf3 hxg4 35. Rg3 Rd2 36. Rxg4 Rxe2 37. Qxe2 Qxh3+ 38. Kg1 Qxg4+ 0-1

[Event "13. Obert Int. Sant Marti 2011"]
[Site "Barcelona ESP"]
[Date "2011.07.21"]
[Round "9.1"]
[White "Leon Hoyos, Manuel"]
[Black "Bacallao Alonso, Yusnel"]
[Result "1/2-1/2"]
[WhiteElo "2548"]
[BlackElo "2532"]
[PlyCount "21"]
[EventDate "2011.07.13"]
[EventType "swiss"]
[EventRounds "9"]
[EventCountry "ESP"]
[SourceTitle "Ajedrez en Madrid"]
[Source "lmi"]
[SourceDate "2011.07.13"]
[SourceVersion "1"]
[SourceVersionDate "2019.06.21"]
[SourceQuality "1"]

1. Nf3 Nf6 2. g3 g6 3. Bg2 Bg7 4. O-O d5 5. d4 O-O 6. c4 dxc4 7. Na3 c3 8. bxc3
c5 9. e3 Nc6 10. Qe2 Bf5 11. Bb2 1/2-1/2

[Event "13. Obert Int. Sant Marti 2011"]
[Site "Barcelona ESP"]
[Date "2011.07.21"]
[Round "9.2"]
[White "Aroshidze, Levan"]
[Black "Jimenez Fraga, Pedro Alejandro"]
[Result "1/2-1/2"]
[WhiteElo "2539"]
[BlackElo "2464"]
[PlyCount "26"]
[EventDate "2011.07.13"]
[EventType "swiss"]
[EventRounds "9"]
[EventCountry "ESP"]
[SourceTitle "Ajedrez en Madrid"]
[Source "lmi"]
[SourceDate "2011.07.13"]
[SourceVersion "1"]
[SourceVersionDate "2019.06.21"]
[SourceQuality "1"]

1. e4 c5 2. Nf3 Nc6 3. d4 cxd4 4. Nxd4 Nf6 5. Nc3 e5 6. Ndb5 d6 7. Bg5 a6 8.
Na3 b5 9. Nd5 Be7 10. Bxf6 Bxf6 11. c4 b4 12. Nc2 a5 13. Be2 Bg5 1/2-1/2

[Event "13. Obert Int. Sant Marti 2011"]
[Site "Barcelona ESP"]
[Date "2011.07.21"]
[Round "9.3"]
[White "Perez Mitjans, Orelvis"]
[Black "Moskalenko, Viktor"]
[Result "1/2-1/2"]
[WhiteElo "2452"]
[BlackElo "2591"]
[PlyCount "42"]
[EventDate "2011.07.13"]
[EventType "swiss"]
[EventRounds "9"]
[EventCountry "ESP"]
[SourceTitle "Ajedrez en Madrid"]
[Source "lmi"]
[SourceDate "2011.07.13"]
[SourceVersion "1"]
[SourceVersionDate "2019.06.21"]
[SourceQuality "1"]

1. e4 e6 2. d4 d5 3. Nd2 Nf6 4. e5 Nfd7 5. Bd3 c5 6. c3 Nc6 7. Ne2 cxd4 8. cxd4
f6 9. exf6 Nxf6 10. O-O Bd6 11. Nf3 O-O 12. Bf4 Nh5 13. Bxd6 Qxd6 14. Qd2 a6
15. Qe3 Nf4 16. Nxf4 Qxf4 17. Rac1 Bd7 18. a3 h6 19. Rc3 Rad8 20. b4 Rc8 21.
Rfc1 Qxe3 1/2-1/2

[Event "13. Obert Int. Sant Marti 2011"]
[Site "Barcelona ESP"]
[Date "2011.07.21"]
[Round "9.4"]
[White "Cruz, Cristhian"]
[Black "Ortiz Suarez, Isan Reynaldo"]
[Result "1/2-1/2"]
[WhiteElo "2470"]
[BlackElo "2556"]
[PlyCount "112"]
[EventDate "2011.07.13"]
[EventType "swiss"]
[EventRounds "9"]
[EventCountry "ESP"]
[SourceTitle "Ajedrez en Madrid"]
[Source "lmi"]
[SourceDate "2011.07.13"]
[SourceVersion "1"]
[SourceVersionDate "2019.06.21"]
[SourceQuality "1"]

1. d4 d5 2. c4 c6 3. Nf3 Nf6 4. Nc3 a6 5. e3 b5 6. b3 Bg4 7. Be2 e6 8. O-O Nbd7
9. h3 Bf5 10. Bb2 Bd6 11. Bd3 Bg6 12. cxd5 cxd5 13. a4 b4 14. Ne2 O-O 15. Rc1
Qb6 16. Bxg6 hxg6 17. Qc2 Ra7 18. Qd3 Nb8 19. Ne5 Nfd7 20. Rc2 Rc7 21. Nxd7
Rxd7 22. Rfc1 Qb7 23. Kf1 Rc7 24. Rxc7 Bxc7 25. Qc2 Bd6 26. Ng1 g5 27. Nf3 f6
28. h4 g4 29. Ne1 g3 30. f4 Qf7 31. Qd1 e5 32. dxe5 fxe5 33. Nf3 d4 34. fxe5
Bxe5 35. Kg1 Nd7 36. Bxd4 Bxd4 37. exd4 Re8 38. Qd3 Qf4 39. Rf1 Nf6 40. Ne5
Qxh4 41. Qc4+ Kh7 42. Qd3+ Kg8 43. Qc4+ Kh7 44. Qd3+ Qe4 45. Rf3 Rd8 46. Ng4
Rxd4 47. Nxf6+ gxf6 48. Qxe4+ Rxe4 49. Rxg3 Re2 50. Rd3 Kg6 51. Rd6 a5 52. Rd5
Rb2 53. Rxa5 Rxb3 54. Rb5 f5 55. a5 Kg5 56. a6 Ra3 1/2-1/2

[Event "13. Obert Int. Sant Marti 2011"]
[Site "Barcelona ESP"]
[Date "2011.07.21"]
[Round "9.7"]
[White "Martinez Ramirez, Erik"]
[Black "Gonzalez Perez, Arian"]
[Result "0-1"]
[WhiteElo "2257"]
[BlackElo "2490"]
[PlyCount "100"]
[EventDate "2011.07.13"]
[EventType "swiss"]
[EventRounds "9"]
[EventCountry "ESP"]
[SourceTitle "Ajedrez en Madrid"]
[Source "lmi"]
[SourceDate "2011.07.13"]
[SourceVersion "1"]
[SourceVersionDate "2019.06.21"]
[SourceQuality "1"]

1. e4 c5 2. Nf3 Nc6 3. d4 cxd4 4. Nxd4 g6 5. Nc3 Bg7 6. Be3 Nf6 7. Bc4 O-O 8.
Bb3 d6 9. f3 Bd7 10. Qd2 Na5 11. O-O-O Nxb3+ 12. cxb3 Qb8 13. Kb1 b5 14. Bh6 b4
15. Nd5 Nxd5 16. Bxg7 Kxg7 17. exd5 Qb7 18. Nc2 a5 19. g4 Rfb8 20. h4 h6 21.
Rhe1 Re8 22. Qd4+ Kg8 23. Qf4 a4 24. Nxb4 a3 25. Qxh6 Qxb4 26. h5 Bxg4 27. fxg4
Qxg4 28. Qd2 Qxh5 29. Rh1 Qf5+ 30. Qd3 Qxd3+ 31. Rxd3 Kg7 32. b4 axb2 33. Kxb2
f5 34. Kb3 f4 35. a4 g5 36. b5 Rf8 37. Kb4 f3 38. Rd4 Rac8 39. Re4 Kg6 40. Re6+
Kf5 41. b6 g4 42. Reh6 f2 43. a5 g3 44. b7 Rb8 45. a6 g2 46. R6h5+ Ke4 47.
R5h4+ Kxd5 48. Rd1+ Kc6 49. Rc4+ Kb6 50. a7 Rxb7 0-1

[Event "13. Obert Int. Sant Marti 2011"]
[Site "Barcelona ESP"]
[Date "2011.07.21"]
[Round "9.9"]
[White "Lorenzo De La Riva, Lazaro"]
[Black "Munoz Pantoja, Miguel"]
[Result "0-1"]
[WhiteElo "2391"]
[BlackElo "2482"]
[PlyCount "106"]
[EventDate "2011.07.13"]
[EventType "swiss"]
[EventRounds "9"]
[EventCountry "ESP"]
[SourceTitle "Ajedrez en Madrid"]
[Source "lmi"]
[SourceDate "2011.07.13"]
[SourceVersion "1"]
[SourceVersionDate "2019.06.21"]
[SourceQuality "1"]

1. e4 c5 2. Nf3 Nc6 3. d4 cxd4 4. Nxd4 Nf6 5. Nc3 e5 6. Ndb5 d6 7. Bg5 a6 8.
Na3 b5 9. Nd5 Be7 10. Bxf6 Bxf6 11. c4 b4 12. Nc2 O-O 13. h4 Be6 14. Qf3 a5 15.
Rd1 Bxd5 16. Rxd5 Qb8 17. g3 a4 18. Rb5 Qc7 19. Qd3 Rfb8 20. Be2 Nd4 21. Nxd4
exd4 22. Rf5 b3 23. a3 Ra5 24. Rxa5 Qxa5+ 25. Kf1 Bd8 26. Kg2 Bb6 27. Bg4 Rd8
28. Rd1 Bc5 29. Be2 Re8 30. Qf3 Qc7 31. Bd3 Re5 32. Bb1 Qe7 33. Qd3 Qb7 34. Kh2
g6 35. Qd2 Kg7 36. Bd3 Qa8 37. f4 Re7 38. f5 Rxe4 39. Bxe4 Qxe4 40. Rf1 Qc2 41.
f6+ Kg8 42. Qg2 d3 43. Rd1 h5 44. Rd2 Bd4 45. c5 dxc5 46. g4 Be5+ 47. Kh3 hxg4+
48. Kxg4 Qc4+ 49. Kh3 Bxf6 50. Qg3 Qe6+ 51. Kg2 c4 52. h5 Qd5+ 53. Qf3 Qg5+ 0-1

[Event "13. Obert Int. Sant Marti 2011"]
[Site "Barcelona ESP"]
[Date "2011.07.21"]
[Round "9.11"]
[White "Gonzalez Rodriguez, Jorge A."]
[Black "Cruz, Jonathan"]
[Result "1-0"]
[WhiteElo "2434"]
[BlackElo "2406"]
[PlyCount "83"]
[EventDate "2011.07.13"]
[EventType "swiss"]
[EventRounds "9"]
[EventCountry "ESP"]
[SourceTitle "Ajedrez en Madrid"]
[Source "lmi"]
[SourceDate "2011.07.13"]
[SourceVersion "1"]
[SourceVersionDate "2019.06.21"]
[SourceQuality "1"]

1. b3 e5 2. Bb2 Nc6 3. e3 Nf6 4. Bb5 Bd6 5. Bxc6 dxc6 6. d3 O-O 7. Nd2 Bg4 8.
f3 Bh5 9. e4 Nd7 10. Ne2 Bc5 11. g4 Bg6 12. h4 h6 13. Nc4 Qe7 14. Qd2 Rfd8 15.
a3 b5 16. Ne3 Nf6 17. Ng3 h5 18. Nef5 Qe6 19. Qe2 a5 20. O-O-O a4 21. b4 Bd4
22. Nxd4 exd4 23. g5 Nd7 24. f4 Bh7 25. f5 Qd6 26. Nxh5 c5 27. bxc5 Nxc5 28.
Qh2 Qe7 29. Rhg1 b4 30. g6 Bxg6 31. fxg6 f6 32. axb4 a3 33. Ba1 Ne6 34. c3 dxc3
35. Qa2 Kh8 36. Bxc3 c5 37. b5 Nd4 38. Qf7 Ne2+ 39. Kc2 Qxf7 40. gxf7 Nxg1 41.
Rxg1 a2 42. Nf4 1-0

[Event "13. Obert Int. Sant Marti 2011"]
[Site "Barcelona ESP"]
[Date "2011.07.21"]
[Round "9.12"]
[White "Marches Rios, Joan Manuel"]
[Black "Pogorelov, Ruslan"]
[Result "0-1"]
[WhiteElo "2086"]
[BlackElo "2430"]
[PlyCount "86"]
[EventDate "2011.07.13"]
[EventType "swiss"]
[EventRounds "9"]
[EventCountry "ESP"]
[SourceTitle "Ajedrez en Madrid"]
[Source "lmi"]
[SourceDate "2011.07.13"]
[SourceVersion "1"]
[SourceVersionDate "2019.06.21"]
[SourceQuality "1"]

1. d4 Nf6 2. Nf3 e6 3. c4 b6 4. g3 Ba6 5. Qa4 Bb7 6. Bg2 c5 7. dxc5 bxc5 8. O-O
Be7 9. Nc3 O-O 10. Rd1 a6 11. Bf4 d6 12. Qc2 Qc7 13. Rd2 h6 14. Rad1 Rd8 15. h3
Nc6 16. g4 Nd4 17. Nxd4 cxd4 18. Ne4 Nxe4 19. Bxe4 Bxe4 20. Qxe4 e5 21. Bg3
Qxc4 22. e3 d5 23. Qxe5 Bf6 24. Qc7 dxe3 25. Qxc4 exf2+ 26. Bxf2 dxc4 27. Rxd8+
Rxd8 28. Rxd8+ Bxd8 29. Bd4 g6 30. Kf2 f5 31. Kf3 Kf7 32. b3 cxb3 33. axb3 Ke6
34. Bg7 Bg5 35. gxf5+ Kxf5 36. Bf8 h5 37. Bd6 Bc1 38. Bc7 g5 39. Bd6 Bf4 40.
Bb4 g4+ 41. hxg4+ hxg4+ 42. Ke2 Ke4 43. Be1 g3 0-1

[Event "13. Obert Int. Sant Marti 2011"]
[Site "Barcelona ESP"]
[Date "2011.07.21"]
[Round "9.13"]
[White "Matnadze, Ana"]
[Black "Carstensen, Jacob"]
[Result "1-0"]
[WhiteElo "2428"]
[BlackElo "2391"]
[PlyCount "97"]
[EventDate "2011.07.13"]
[EventType "swiss"]
[EventRounds "9"]
[EventCountry "ESP"]
[SourceTitle "Ajedrez en Madrid"]
[Source "lmi"]
[SourceDate "2011.07.13"]
[SourceVersion "1"]
[SourceVersionDate "2019.06.21"]
[SourceQuality "1"]

1. d4 Nf6 2. Nf3 c5 3. e3 d5 4. c4 cxd4 5. Nxd4 e5 6. Nb3 Nc6 7. Be2 Be6 8.
cxd5 Nxd5 9. O-O Ndb4 10. N1d2 Be7 11. Bc4 Bxc4 12. Nxc4 b5 13. Na3 Qb6 14. Qh5
O-O 15. e4 Nd3 16. Be3 Qb7 17. Qe2 Rfd8 18. Rfd1 Ncb4 19. Rd2 a6 20. f3 Nf4 21.
Bxf4 exf4 22. Rad1 Rxd2 23. Qxd2 Qb6+ 24. Qf2 Qc7 25. Rc1 Qe5 26. Qd4 Qxd4+ 27.
Nxd4 Nd3 28. Rc7 Bd8 29. Rd7 Nxb2 30. Kf1 Na4 31. Nc6 Bb6 32. Nc2 Kf8 33. N2b4
Rc8 34. Rb7 f6 35. Ne7 Rc1+ 36. Ke2 Ba5 37. Ned5 Nc3+ 38. Kd3 Bxb4 39. Nxb4 a5
40. Nd5 Nxd5 41. exd5 b4 42. Ra7 Rc3+ 43. Ke4 Ra3 44. d6 Rxa2 45. Ra8+ Kf7 46.
d7 Rd2 47. d8=Q Rxd8 48. Rxd8 b3 49. Kd3 1-0

[Event "13. Obert Int. Sant Marti 2011"]
[Site "Barcelona ESP"]
[Date "2011.07.21"]
[Round "9.14"]
[White "Pilgaard, Kim"]
[Black "Capellades Subirana, Marc"]
[Result "0-1"]
[WhiteElo "2442"]
[BlackElo "2260"]
[PlyCount "112"]
[EventDate "2011.07.13"]
[EventType "swiss"]
[EventRounds "9"]
[EventCountry "ESP"]
[SourceTitle "Ajedrez en Madrid"]
[Source "lmi"]
[SourceDate "2011.07.13"]
[SourceVersion "1"]
[SourceVersionDate "2019.06.21"]
[SourceQuality "1"]

1. e4 e5 2. Nf3 Nc6 3. Bb5 Bc5 4. O-O Qf6 5. c3 Nge7 6. d3 h6 7. Be3 Bxe3 8.
fxe3 O-O 9. d4 Qg6 10. Nbd2 d6 11. Nh4 Qg5 12. Qe1 exd4 13. Bxc6 Qxe3+ 14. Qxe3
dxe3 15. Ba4 exd2 16. Rad1 g5 17. Nf3 Bg4 18. Rxd2 Bxf3 19. gxf3 Ng6 20. Bb3
Kg7 21. Bd5 Rab8 22. b4 f5 23. exf5 Rxf5 24. Be4 Rf4 25. Bxg6 Kxg6 26. Re2 Rbf8
27. Re7 R8f7 28. Rxf7 Rxf7 29. Kg2 g4 30. f4 Re7 31. f5+ Kg5 32. f6 Rf7 33. c4
Rxf6 34. Rc1 Rf4 35. a3 b6 36. c5 dxc5 37. bxc5 Ra4 38. cxb6 cxb6 39. Rc3 h5
40. h3 Kh4 41. Rb3 Rc4 42. hxg4 hxg4 43. Rd3 Rc2+ 44. Kg1 Ra2 45. Rc3 g3 46.
Rc7 Rxa3 47. Rh7+ Kg4 48. Rg7+ Kf4 49. Rf7+ Ke4 50. Kg2 a5 51. Rg7 Rb3 52. Rg4+
Kd5 53. Rg5+ Kc6 54. Rg6+ Kb5 55. Rg5+ Ka4 56. Rg4+ Ka3 0-1

[Event "13. Obert Int. Sant Marti 2011"]
[Site "Barcelona ESP"]
[Date "2011.07.21"]
[Round "9.15"]
[White "Thompson, Ian D"]
[Black "Rios, Cristhian Camilo"]
[Result "1-0"]
[WhiteElo "2274"]
[BlackElo "2424"]
[PlyCount "43"]
[EventDate "2011.07.13"]
[EventType "swiss"]
[EventRounds "9"]
[EventCountry "ESP"]
[SourceTitle "Ajedrez en Madrid"]
[Source "lmi"]
[SourceDate "2011.07.13"]
[SourceVersion "1"]
[SourceVersionDate "2019.06.21"]
[SourceQuality "1"]

1. c4 e5 2. g3 Nc6 3. Bg2 g6 4. Nc3 Bg7 5. d3 Nge7 6. e3 d6 7. Nge2 Be6 8. Nd5
Qd7 9. Nec3 Nd8 10. Nxe7 Qxe7 11. O-O c6 12. b3 Qd7 13. d4 exd4 14. exd4 O-O
15. Bb2 d5 16. cxd5 Bh3 17. Qf3 Bxd4 18. Rad1 Bg4 19. Qf4 c5 20. Rxd4 cxd4 21.
Qxd4 f6 22. Ne4 1-0

[Event "13. Obert Int. Sant Marti 2011"]
[Site "Barcelona ESP"]
[Date "2011.07.21"]
[Round "9.16"]
[White "Perpinya Rofes, Lluis Maria"]
[Black "Randazzo, Adrian"]
[Result "1-0"]
[WhiteElo "2395"]
[BlackElo "2226"]
[PlyCount "93"]
[EventDate "2011.07.13"]
[EventType "swiss"]
[EventRounds "9"]
[EventCountry "ESP"]
[SourceTitle "Ajedrez en Madrid"]
[Source "lmi"]
[SourceDate "2011.07.13"]
[SourceVersion "1"]
[SourceVersionDate "2019.06.21"]
[SourceQuality "1"]

1. e4 e6 2. d4 d5 3. Nc3 dxe4 4. Nxe4 Nd7 5. Bd3 Ngf6 6. Qe2 Nxe4 7. Bxe4 Nf6
8. Bxb7 Bxb7 9. Qb5+ Nd7 10. Qxb7 Bd6 11. Nf3 O-O 12. O-O Nf6 13. c4 c5 14. Be3
Ng4 15. Qe4 Nxe3 16. Qxe3 Qb6 17. b3 cxd4 18. Qxd4 Bc5 19. Qe4 h6 20. Rad1 Rad8
21. Qe2 a5 22. Ne5 Bd4 23. g3 Qc7 24. Nf3 Bc5 25. Rxd8 Rxd8 26. Rd1 Rxd1+ 27.
Qxd1 Qb6 28. Qd2 f6 29. Kg2 Qc7 30. Kg1 Qb6 31. Ne1 Bb4 32. Qe2 Kf7 33. Nd3 Qd4
34. Nf4 Qd7 35. Qh5+ Kf8 36. Qg4 Kf7 37. Qg6+ Kf8 38. Qd3 Qc6 39. Qe2 Kf7 40.
a3 Bxa3 41. Qh5+ Kg8 42. Qxa5 Be7 43. Qa7 Kf7 44. Qe3 Bc5 45. Qe2 Be7 46. Qh5+
Kf8 47. Ng6+ 1-0

[Event "13. Obert Int. Sant Marti 2011"]
[Site "Barcelona ESP"]
[Date "2011.07.21"]
[Round "9.17"]
[White "Mestre Bellido, Hector"]
[Black "Lasinskas, Povilas"]
[Result "1-0"]
[WhiteElo "2380"]
[BlackElo "2148"]
[PlyCount "55"]
[EventDate "2011.07.13"]
[EventType "swiss"]
[EventRounds "9"]
[EventCountry "ESP"]
[SourceTitle "Ajedrez en Madrid"]
[Source "lmi"]
[SourceDate "2011.07.13"]
[SourceVersion "1"]
[SourceVersionDate "2019.06.21"]
[SourceQuality "1"]

1. e4 e5 2. Bc4 Bc5 3. Nf3 Nc6 4. c3 Qe7 5. O-O d6 6. h3 Nf6 7. Re1 O-O 8. Bb3
h6 9. d3 Nh7 10. Nbd2 Kh8 11. Nc4 f5 12. exf5 Bxf5 13. d4 Bb6 14. dxe5 Nxe5 15.
Ncxe5 dxe5 16. Nxe5 Qh4 17. Qf3 Ng5 18. Bxg5 Qxg5 19. Nf7+ Rxf7 20. Bxf7 Bd7
21. Rad1 Bc6 22. Bd5 Bc5 23. Bxc6 bxc6 24. Qxc6 Rf8 25. Re8 Bxf2+ 26. Kh1 Bc5
27. Rxf8+ Bxf8 28. Qxc7 1-0

[Event "13. Obert Int. Sant Marti 2011"]
[Site "Barcelona ESP"]
[Date "2011.07.21"]
[Round "9.18"]
[White "Neffe, Axel"]
[Black "Vidarte Morales, Arturo"]
[Result "0-1"]
[WhiteElo "2260"]
[BlackElo "2359"]
[PlyCount "78"]
[EventDate "2011.07.13"]
[EventType "swiss"]
[EventRounds "9"]
[EventCountry "ESP"]
[SourceTitle "Ajedrez en Madrid"]
[Source "lmi"]
[SourceDate "2011.07.13"]
[SourceVersion "1"]
[SourceVersionDate "2019.06.21"]
[SourceQuality "1"]

1. d4 f5 2. g3 Nf6 3. Bg2 g6 4. Nh3 Bg7 5. c4 d6 6. d5 O-O 7. Nc3 Nbd7 8. Nf4
Ne5 9. Qb3 c5 10. Bd2 Rb8 11. O-O Ne8 12. Nd3 Nxd3 13. exd3 a6 14. Ne2 b5 15.
Bc3 Nf6 16. Rfe1 Bd7 17. Qc2 g5 18. f4 g4 19. b3 Qb6 20. Rad1 e6 21. d4 exd5
22. dxc5 Qxc5+ 23. Bd4 Qc7 24. Bxf6 Bxf6 25. Bxd5+ Kh8 26. Nd4 Qc5 27. Qf2 bxc4
28. Bxc4 d5 29. Bxa6 Rfe8 30. Be2 Re4 31. Nxf5 Qxf2+ 32. Kxf2 Bxf5 33. Rxd5 Be6
34. Rd6 Be7 35. Ra6 Re8 36. Rc1 Bc8 37. Bb5 Bxa6 38. Bxe8 Re2+ 39. Kg1 Ba3 0-1

[Event "13. Obert Int. Sant Marti 2011"]
[Site "Barcelona ESP"]
[Date "2011.07.21"]
[Round "9.19"]
[White "Dalo, Hermes"]
[Black "Exposito Amaro, Josue"]
[Result "0-1"]
[WhiteElo "2049"]
[BlackElo "2258"]
[PlyCount "70"]
[EventDate "2011.07.13"]
[EventType "swiss"]
[EventRounds "9"]
[EventCountry "ESP"]
[SourceTitle "Ajedrez en Madrid"]
[Source "lmi"]
[SourceDate "2011.07.13"]
[SourceVersion "1"]
[SourceVersionDate "2019.06.21"]
[SourceQuality "1"]

1. d4 d5 2. c4 e6 3. Nc3 c6 4. Nf3 dxc4 5. a4 Bb4 6. e3 b5 7. Be2 Bb7 8. O-O a6
9. Qc2 Nd7 10. Rd1 Ngf6 11. Ne5 Qc7 12. f4 O-O 13. Bf3 Nb6 14. Bd2 Bxc3 15.
Bxc3 Nfd5 16. Bd2 f6 17. a5 fxe5 18. axb6 Qxb6 19. fxe5 c5 20. Kh1 Rac8 21. e4
Ne7 22. Ba5 Qa7 23. d5 exd5 24. exd5 Rxf3 25. gxf3 Bxd5 26. Rxd5 Nxd5 27. Qf5
Rf8 28. Qe4 Qf7 29. Rd1 Nf4 30. Rd6 Nd3 31. Kg2 Nxe5 32. Bc3 Nxf3 33. Qg4 Nd4
34. Rd7 Qf1+ 35. Kg3 Qf2+ 0-1